Wirtschafts- und technikgeschichte Japans

Das Ziel der vorliegenden Skizze besteht darin, die kommunikativen Rahmenbedingungen für die Entwicklung der Semantik im frühneuzeitlichen Japan zu ergründen. Dort entstand im zweiten Viertel des 17. Jahrhunderts neben einem marktorientierten Verlagsgewerbe auch die populäre Unterhaltungsliterat...

Ausführliche Beschreibung

Gespeichert in:
Bibliographische Detailangaben
1. Verfasser: Muller, Klaus
Format: Buch
Sprache:Undetermined
Veröffentlicht: New York E. J. Brill 1988
Schlagworte:
Tags: Tag hinzufügen
Keine Tags, Fügen Sie den ersten Tag hinzu!
Thư viện lưu trữ: Trung tâm Học liệu Trường Đại học Cần Thơ
LEADER 00959nam a2200217Ia 4500
001 CTU_218196
008 210402s9999 xx 000 0 und d
082 |a 338.06 
082 |b M958 
100 |a Muller, Klaus 
245 0 |a Wirtschafts- und technikgeschichte Japans 
245 0 |c Klaus Muller 
260 |a New York 
260 |b E. J. Brill 
260 |c 1988 
520 |a Das Ziel der vorliegenden Skizze besteht darin, die kommunikativen Rahmenbedingungen für die Entwicklung der Semantik im frühneuzeitlichen Japan zu ergründen. Dort entstand im zweiten Viertel des 17. Jahrhunderts neben einem marktorientierten Verlagsgewerbe auch die populäre Unterhaltungsliteratur. 
650 |a Technological innovations,Đổi mới công nghệ 
650 |x Economic aspects,History,Khía cạnh kinh tế,Lịch sử 
650 |z Japan,Nhật Bản 
904 |i Qhieu 
980 |a Trung tâm Học liệu Trường Đại học Cần Thơ